• 首页
  • 本馆介绍
  • 公告通知
  • 最新文献
  • 馆藏检索
  • 电子资源
  • 读者荐购
  • 参考咨询
  • CALIS
  • 我的图书馆
  • 登录
  • 详细信息显示
  • 放入我的书架
  • 预约/预借图书
  • 作者相关作品
  • 分类相关作品
  • 丛书相关作品
  • 出版社相关作品

书目信息

  • 表格格式
  • 工作单格式
  • 卡片格式
题名:
职场翻译
    
 
作者: 岳峰 , 林世宋 主编
分册:  
出版信息: 北京   北京大学出版社  2024.06
页数: 247页
开本: 24cm
丛书名: 职场翻译教材系列
单 册:
中图分类: H059
科图分类:
主题词: 翻译理论--教材
电子资源:
ISBN: 978-7-301-34820-8
 
 
 
 
 
000 01110nam0 2200277 450
001 013312452
005 20251022093318.85
010    @a978-7-301-34820-8@dCNY68.00
100    @a20241223d2024 em y0chiy0120 ea
101 0  @achi
102    @aCN@b110000
105    @aa z 000yy
106    @ar
200 1  @a职场翻译@9zhi chang fan yi@e数字人文新形态教程@dA video-embedded textbook of professional translation assisted by computer & corpus@f岳峰,林世宋主编@zeng
210    @a北京@c北京大学出版社@d2024.06
215    @a247页@c图@d24cm
225 1  @a职场翻译教材系列
330    @a全书分为翻译技巧与翻译技术两部分。前者是传统上讲的翻译教学,但内容以通行翻译教材相对欠缺的经法翻译与工程翻译等内容为主。下篇则是在翻译学科发生技术转向时期市场刚需的翻译技术。
461  0 @12001 @a职场翻译教材系列
510 1  @aVideo-embedded textbook of professional translation assisted by computer & corpus@zeng
606 0  @a翻译理论@j教材
690    @aH059@v5
701  0 @a岳峰@9yue feng@4主编
701  0 @a林世宋@9lin shi song@4主编
801  0 @aCN@c20250911
905    @a河南城建学院图书馆@dH059@eY948-2@ZY948-2@f1
    
    职场翻译:数字人文新形态教程=A video-embedded textbook of professional translation assisted by computer & corpus/岳峰,林世宋主编.-北京:北京大学出版社,2024.06
    247页:图;24cm.-(职场翻译教材系列)
    
    
    ISBN 978-7-301-34820-8:CNY68.00
    全书分为翻译技巧与翻译技术两部分。前者是传统上讲的翻译教学,但内容以通行翻译教材相对欠缺的经法翻译与工程翻译等内容为主。下篇则是在翻译学科发生技术转向时期市场刚需的翻译技术。
●
相关链接 在E读中查询图书 在当当中查询图书 在豆瓣中查询图书


正题名:职场翻译     索取号:H059/Y948-2         预约/预借

序号 登录号 条形码 馆藏地/架位号 状态 备注
1 1635414   216354148   语言库209/209语言库 67排4列5层/ [索取号:H059/Y948-2] 在馆    
河南城建学院图书馆 欢迎您!
大连网信软件有限公司© 版权所有